| 000 | 00404nam a2200157Ia 4500 | ||
|---|---|---|---|
| 008 | 231217s9999 xx 000 0 und d | ||
| 020 | _a8178813734 | ||
| 041 | _aEnglish | ||
| 082 | _a658.827 SRE;1 R | ||
| 100 | _aSreenath, Kanugovi ed. | ||
| 245 | 0 | _aBrand India : an evaluation | |
| 260 |
_c2004 _bIcfai _aHyderabad |
||
| 300 | _aiii, 202+A13 | ||
| 650 | _aBrand,India,evaluation | ||
| 942 | _cAA | ||
| 999 |
_c187079 _d187079 |
||